[Event "25th European Teams Women"]
[Site "Batumi GEO"]
[Date "2025.10.10"]
[Round "6.13"]
[Board "1"]
[White "Zherebtsova, Alexandra"]
[Black "Movsesian, Julia"]
[Result "1-0"]
[WhiteTitle "FM"]
[BlackTitle "WGM"]
[WhiteElo "2279"]
[BlackElo "2220"]
[WhiteTeam "Montenegro"]
[BlackTeam "Czech Republic"]
[WhiteFideId "24129518"]
[BlackFideId "4139690"]
[EventDate "2025.10.05"]

1. d4 d5 2. c4 e6 3. Nc3 h6 4. cxd5 exd5 5. Bf4 Nf6 6. e3 Bd6 7. Bxd6 Qxd6 8.
Bd3 O-O 9. h3 c6 10. Nf3 Qe7 11. Qc2 Nbd7 12. O-O Re8 13. Rab1 a5 14. a3 Ne4 15.
Bxe4 dxe4 16. Nd2 Nf6 17. Nc4 Ra6 18. b4 axb4 19. axb4 Be6 20. Ne5 Bd5 21. b5
Ra3 22. bxc6 bxc6 23. Na4 Ra2 24. Rb2 Rxb2 25. Qxb2 Qa7 26. Nc5 Rb8 27. Qa1 Ra8
28. Qxa7 Rxa7 29. g4 Kf8 30. Rb1 Ke7 31. h4 Ne8 32. Rb6 Kd6 33. Rb8 Ke7 34. Kg2
Nd6 35. Rb6 Kd8 36. Rxc6 Bxc6 37. Nxc6+ Kc7 38. Nxa7 1-0

[Event "25th European Teams Women"]
[Site "Batumi GEO"]
[Date "2025.10.10"]
[Round "6.13"]
[Board "2"]
[White "Rodshtein, Tereza"]
[Black "Skvortsova, Alena"]
[Result "1-0"]
[WhiteTitle "WGM"]
[BlackTitle "WFM"]
[WhiteElo "2219"]
[BlackElo "2166"]
[WhiteTeam "Czech Republic"]
[BlackTeam "Montenegro"]
[WhiteFideId "325449"]
[BlackFideId "24166251"]
[EventDate "2025.10.05"]

1. e4 c5 2. Nf3 e6 3. d4 cxd4 4. Nxd4 Nf6 5. Nc3 Nc6 6. Nxc6 bxc6 7. e5 Nd5 8.
Ne4 Bb7 9. a3 c5 10. c4 Ne3 11. Bxe3 Bxe4 12. Qg4 Bf5 13. Qe2 Qc7 14. Bf4 Rb8
15. Rd1 Be7 16. Qd2 Rb6 17. Bd3 Bxd3 18. Qxd3 Rxb2 19. O-O Rb7 20. Qg3 g5 21.
Bc1 f5 22. exf6 Bxf6 23. Qg4 h5 24. Qe4 Kf7 25. f4 g4 26. f5 e5 27. Qd5+ Kg7 28.
Be3 Rc8 29. Bh6+ Kh8 30. Qf7 Qd8 31. Rd6 Qe7 32. Bg7+ Kh7 33. Qg6+ 1-0

[Event "25th European Teams Women"]
[Site "Batumi GEO"]
[Date "2025.10.10"]
[Round "6.13"]
[Board "3"]
[White "Milovic, Aleksandra"]
[Black "Zelbova, Lada"]
[Result "1/2-1/2"]
[WhiteTitle "WIM"]
[BlackTitle "WFM"]
[WhiteElo "2050"]
[BlackElo "2169"]
[WhiteTeam "Montenegro"]
[BlackTeam "Czech Republic"]
[WhiteFideId "933988"]
[BlackFideId "23717882"]
[EventDate "2025.10.05"]

1. e4 c5 2. Nf3 d6 3. d4 cxd4 4. Nxd4 Nf6 5. Nc3 a6 6. Be2 e5 7. Nb3 Be7 8. Bg5
Nbd7 9. a4 O-O 10. a5 h6 11. Bxf6 Nxf6 12. Bc4 Be6 13. Qd3 Rc8 14. Nd2 Qc7 15.
Bb3 Rfd8 16. O-O Bxb3 17. cxb3 d5 18. exd5 Bb4 19. Nde4 Nxe4 20. Nxe4 f5 21. Ng3
e4 22. Qd4 Bc5 23. Qd2 Qe5 24. Kh1 Rxd5 25. Qc3 Qxc3 26. bxc3 g6 27. Ra2 Rcd8
28. h4 Rd2 29. Rxd2 Rxd2 30. Kg1 h5 31. b4 Be7 32. Re1 Bxh4 33. Ne2 f4 34. g3 f3
35. gxh4 fxe2 36. Kg2 Kf7 37. f3 Rd3 38. f4 Rxc3 39. Rxe2 Rc4 40. Rb2 Kf6 41. b5
Kf5 42. bxa6 bxa6 43. Rb6 Ra4 44. Rxa6 Kxf4 45. Rf6+ Ke3 46. a6 Ke2 47. Rxg6 e3
48. Rb6 Ra2 49. Kg3 Kd1 50. Kf3 e2 51. Rb1+ Kd2 52. Kf2 Rxa6 53. Rb2+ Kd1 54.
Rb1+ Kc2 55. Rb5 Kd3 1/2-1/2

[Event "25th European Teams Women"]
[Site "Batumi GEO"]
[Date "2025.10.10"]
[Round "6.13"]
[Board "4"]
[White "Worek, Joanna"]
[Black "Koljevic, Nikolina"]
[Result "1-0"]
[WhiteTitle "WGM"]
[BlackTitle "WFM"]
[WhiteElo "2209"]
[BlackElo "1970"]
[WhiteTeam "Czech Republic"]
[BlackTeam "Montenegro"]
[WhiteFideId "1118080"]
[BlackFideId "16503945"]
[EventDate "2025.10.05"]

1. d4 Nf6 2. Nf3 e6 3. g3 d5 4. c4 Bb4+ 5. Bd2 Qe7 6. Bg2 O-O 7. O-O Nbd7 8. Qc2
c6 9. Bxb4 Qxb4 10. Nbd2 Re8 11. a3 Qd6 12. e4 e5 13. dxe5 Nxe5 14. Nxe5 Qxe5
15. cxd5 cxd5 16. exd5 Nxd5 17. Nc4 Qh5 18. Rad1 Nf6 19. Nd6 Rf8 20. b4 Bh3 21.
Rfe1 Bxg2 22. Kxg2 b6 23. Qc7 Ne8 24. Qd7 Nf6 25. Qb7 Rfb8 26. Qc6 a5 27. b5 Qc5
28. Qxc5 bxc5 29. a4 Kf8 30. Nc4 Rb7 31. Re5 Nd7 32. Red5 Raa7 33. h4 h6 34. Rd6
Nf6 35. Rc6 Ne4 36. Re1 f5 37. f3 Nc3 38. Rc8+ 1-0

[Event "25th European Teams Women"]
[Site "Batumi GEO"]
[Date "2025.10.10"]
[Round "6.14"]
[Board "1"]
[White "Kirtadze, Anastasia"]
[Black "Zaksaite, Salomeja"]
[Result "1-0"]
[WhiteTitle "WFM"]
[BlackTitle "WGM"]
[WhiteElo "2303"]
[BlackElo "2133"]
[WhiteTeam "Georgia 3"]
[BlackTeam "Lithuania"]
[WhiteFideId "13622714"]
[BlackFideId "12801496"]
[EventDate "2025.10.05"]

1. e4 e5 2. Nf3 Nf6 3. Nxe5 d6 4. Nf3 Nxe4 5. Nc3 Nf6 6. d4 Be7 7. Bd3 O-O 8. h3
Re8 9. Be3 c6 10. g4 Be6 11. Ng5 Bd5 12. Nxd5 Nxd5 13. Bxh7+ Kf8 14. Ne6+ fxe6
15. Qf3+ Bf6 16. g5 Nxe3 17. gxf6 Nxc2+ 18. Bxc2 Qxf6 19. Qb3 Qxd4 20. Rd1 Qe5+
21. Kf1 Re7 22. Rg1 Nd7 23. Qxb7 Rb8 24. Qxc6 Rxb2 25. Qc8+ Kf7 26. Rg3 Qb5+ 27.
Kg1 Qc5 28. Qh8 Nf8 29. Rf3+ Ke8 30. Rxf8+ Kd7 31. Ba4+ Kc7 32. Rc8+ 1-0

[Event "25th European Teams Women"]
[Site "Batumi GEO"]
[Date "2025.10.10"]
[Round "6.14"]
[Board "2"]
[White "Baginskaite, Kamile"]
[Black "Mgeladze, Kesaria"]
[Result "1/2-1/2"]
[WhiteTitle "WGM"]
[BlackTitle "WFM"]
[WhiteElo "2158"]
[BlackElo "2290"]
[WhiteTeam "Lithuania"]
[BlackTeam "Georgia 3"]
[WhiteFideId "2014599"]
[BlackFideId "13621130"]
[EventDate "2025.10.05"]

1. d4 Nf6 2. Nf3 e6 3. c4 b6 4. g3 Bb4+ 5. Bd2 Be7 6. Bg2 c6 7. Ne5 O-O 8. Nc3
d5 9. Qa4 Bb7 10. O-O Nbd7 11. Nxd7 Qxd7 12. Rfd1 dxc4 13. Qxc4 b5 14. Qd3 a5
15. Ne4 Nxe4 16. Qxe4 b4 17. Rac1 Rac8 18. Be3 Ba6 19. Qc2 Bb5 20. Be4 g6 21.
Bd3 Rfd8 22. Bc4 Qb7 23. Qe4 Qd7 24. Bxb5 cxb5 25. Rxc8 Qxc8 26. Rc1 Qd7 27. Qc6
Qxc6 28. Rxc6 Bf6 29. Rc5 Bxd4 30. Bxd4 Rxd4 31. Rxb5 Rd2 32. e4 1/2-1/2

[Event "25th European Teams Women"]
[Site "Batumi GEO"]
[Date "2025.10.10"]
[Round "6.14"]
[Board "3"]
[White "Donghvani, Nia"]
[Black "Limontaite, Simona"]
[Result "1/2-1/2"]
[WhiteTitle "WFM"]
[BlackTitle "WIM"]
[WhiteElo "2127"]
[BlackElo "2151"]
[WhiteTeam "Georgia 3"]
[BlackTeam "Lithuania"]
[WhiteFideId "13614649"]
[BlackFideId "12802506"]
[EventDate "2025.10.05"]

1. e4 e6 2. d4 d5 3. e5 c5 4. c3 Nc6 5. Nf3 Qb6 6. a3 Bd7 7. b4 cxd4 8. cxd4
Nge7 9. Bb2 Rc8 10. Nbd2 Nf5 11. Nb3 Nd8 12. Qd2 Bb5 13. Be2 Qa6 14. Nc5 Bxc5
15. dxc5 b6 16. Bxb5+ Qxb5 17. g4 Ne7 18. Nd4 Qa4 19. cxb6 axb6 20. O-O h5 21.
Rac1 Rc4 22. Rxc4 dxc4 23. Qe2 b5 24. gxh5 Qa6 25. f4 Ndc6 26. Qf3 Nxd4 27. Bxd4
Qc6 28. Bc5 Qxf3 29. Rxf3 Nd5 30. a4 bxa4 31. Ra3 Rxh5 32. Rxa4 Rh3 33. b5 c3
34. Rc4 Rd3 35. b6 Rd1+ 36. Kf2 Rb1 37. Bd4 Nxb6 38. Bxb6 Rxb6 39. Rxc3 g6 40.
Kg3 Kf8 41. Kg4 Rb1 1/2-1/2

[Event "25th European Teams Women"]
[Site "Batumi GEO"]
[Date "2025.10.10"]
[Round "6.14"]
[Board "4"]
[White "Simkunaite, Gabija"]
[Black "Lomaia, Diana"]
[Result "1/2-1/2"]
[WhiteTitle "WFM"]
[BlackTitle "WFM"]
[WhiteElo "2009"]
[BlackElo "2071"]
[WhiteTeam "Lithuania"]
[BlackTeam "Georgia 3"]
[WhiteFideId "12808253"]
[BlackFideId "13612476"]
[EventDate "2025.10.05"]

1. e4 e5 2. Nf3 Nc6 3. Nc3 Nf6 4. d4 exd4 5. Nxd4 Bb4 6. Nxc6 bxc6 7. Bd3 d5 8.
exd5 cxd5 9. O-O O-O 10. h3 c6 11. Qf3 Re8 12. Bg5 h6 13. Bh4 g5 14. Bg3 a5 15.
a3 Bf8 16. Rfe1 Bg7 17. Rxe8+ Qxe8 18. Na4 Ra7 19. Nc5 Qe7 20. Nb3 c5 21. Bf5
Bb7 22. Qe3 Qxe3 23. fxe3 c4 24. Nd4 Ra8 25. Bc7 a4 26. Be5 Re8 27. Bxf6 Bxf6
28. Kf2 Rb8 29. Rb1 Ba6 30. c3 Bxd4 31. exd4 Kg7 32. Bd7 Bb5 33. Bxb5 Rxb5 34.
g4 Kg6 35. Kg3 h5 36. h4 hxg4 37. Kxg4 f5+ 38. Kg3 gxh4+ 39. Kxh4 Rb8 40. Kg3
Kg5 41. Kf3 Rh8 42. Rg1+ Kf6 43. Rg2 Rh3+ 44. Kf4 Rh4+ 45. Kf3 Rh1 46. Re2 Rf1+
47. Kg2 Rb1 48. Kf3 Rf1+ 49. Kg2 Rd1 50. Kf3 Rf1+ 1/2-1/2

[Event "25th European Teams Women"]
[Site "Batumi GEO"]
[Date "2025.10.10"]
[Round "6.15"]
[Board "1"]
[White "Pipiras, Filipa Fortuna"]
[Black "Paasikangas, Johanna"]
[Result "0-1"]
[WhiteTitle "FM"]
[BlackTitle "FM"]
[WhiteElo "2273"]
[BlackElo "2106"]
[WhiteTeam "Portugal"]
[BlackTeam "Finland"]
[WhiteFideId "1944894"]
[BlackFideId "500879"]
[EventDate "2025.10.05"]

1. d4 Nf6 2. c4 g6 3. Nc3 Bg7 4. e4 d6 5. Be2 O-O 6. Be3 c5 7. d5 e6 8. Nf3 exd5
9. cxd5 Nbd7 10. Nd2 a6 11. a4 Rb8 12. O-O Qe7 13. Re1 Kh8 14. Bf1 Ne5 15. h3
Ng8 16. f4 Nd7 17. Nc4 b6 18. Qd2 Re8 19. Qf2 Qf8 20. g4 b5 21. axb5 axb5 22.
Nd2 b4 23. Nd1 f5 24. Bg2 fxg4 25. Nc4 gxh3 26. Bf3 g5 27. Bh5 Rxe4 28. Nd2 Rxe3
29. Rxe3 Ndf6 30. fxg5 Nxh5 31. Qxf8 Bxf8 32. Re8 Bg7 33. Nc4 Bd4+ 34. Kh2 Ng7
35. Rf8 Ba6 36. Rxb8 Bxc4 37. Kxh3 Bxd5 38. Ra6 Nf5 39. Kg4 Be6 40. Kf3 Kg7 41.
Nf2 Nge7 42. Ra7 Bxb2 43. Nd3 Bd5+ 44. Kg4 Bd4 45. Nf4 Bb3 46. Raa8 Be5 47. Nd3
Bd1+ 48. Kh3 b3 49. Nxe5 dxe5 50. Ra5 c4 51. Rc5 Kg6 52. Rxc4 Kxg5 53. Re4 h5
54. Rxe5 Nc6 55. Rg8+ Kf4 56. Rb5 Ncd4 57. Rb4 Bg4+ 58. Kh2 Ke3 59. Rgb8 Bd1 60.
Kh3 Kf2 61. Kh2 Nf3+ 62. Kh3 Be2 63. Rxb3 Bf1# 0-1

[Event "25th European Teams Women"]
[Site "Batumi GEO"]
[Date "2025.10.10"]
[Round "6.15"]
[Board "2"]
[White "Puuska, Heini"]
[Black "Silva, Mariana"]
[Result "0-1"]
[WhiteTitle "WFM"]
[BlackTitle "WFM"]
[WhiteElo "1907"]
[BlackElo "2090"]
[WhiteTeam "Finland"]
[BlackTeam "Portugal"]
[WhiteFideId "502324"]
[BlackFideId "1911899"]
[EventDate "2025.10.05"]

1. d4 d5 2. Nf3 Nf6 3. e3 c5 4. c3 Nbd7 5. Bd3 g6 6. Nbd2 Bg7 7. O-O O-O 8. Re1
Qc7 9. e4 dxe4 10. Nxe4 Nxe4 11. Rxe4 Nf6 12. Bf4 Qd8 13. Re1 cxd4 14. Nxd4 Nd7
15. Nf3 Nc5 16. Bc4 Be6 17. Bxe6 Nxe6 18. Be5 Bh6 19. Nd4 Nc5 20. Qf3 f6 21. Bg3
e5 22. b4 exd4 23. bxc5 Bd2 24. Red1 dxc3 25. Bd6 Rf7 26. Qd5 Qa5 27. h4 Re8 28.
h5 Kg7 29. hxg6 hxg6 30. Qd3 Qa4 31. g3 Rh8 32. Qf3 Qc4 33. g4 Rh4 34. Kg2 Rxg4+
35. Bg3 Qe4 36. Qxe4 Rxe4 37. Bd6 Rc4 38. Kf3 Bg5 39. Rac1 Bxc1 40. Rxc1 Rd7 41.
Ke3 c2 42. Kd3 Rxc5 0-1

[Event "25th European Teams Women"]
[Site "Batumi GEO"]
[Date "2025.10.10"]
[Round "6.15"]
[Board "3"]
[White "Avelino, Camila Biscaya"]
[Black "Lehtinen, Helja"]
[Result "1/2-1/2"]
[WhiteTitle "WFM"]
[WhiteElo "1942"]
[BlackElo "1953"]
[WhiteTeam "Portugal"]
[BlackTeam "Finland"]
[WhiteFideId "1938975"]
[BlackFideId "515566"]
[EventDate "2025.10.05"]

1. e4 c5 2. Nf3 d6 3. d4 cxd4 4. Nxd4 Nf6 5. Nc3 a6 6. Bc4 e6 7. Bb3 b5 8. O-O
Be7 9. Qf3 Qb6 10. Be3 Qb7 11. Qg3 b4 12. Na4 Nbd7 13. f3 O-O 14. Kh1 Ne5 15.
Nb6 Rb8 16. Nc4 Nxc4 17. Bxc4 e5 18. Nb3 Nh5 19. Qf2 Be6 20. Bd3 Nf6 21. a3 Bxb3
22. cxb3 d5 23. exd5 Nxd5 24. axb4 Nxb4 25. Bc4 Rfd8 26. Qe2 Bf8 27. Bg5 Re8 28.
Bd2 Nc2 29. Rxa6 Nd4 30. Qe4 Nxb3 31. Qxb7 Rxb7 32. Bc3 Bc5 33. Re1 Bd4 34. Bxd4
Nxd4 35. Rxe5 Kf8 36. Rxe8+ Kxe8 37. h3 Rxb2 38. Ra8+ Ke7 39. Ra7+ Kf6 40. Rxf7+
Kg6 41. Rf4 Rd2 42. Bd5 Kg5 43. Rg4+ Kf6 44. Be4 h6 45. Rg6+ Kf7 46. Rb6 Ne2 47.
Rb7+ Kf6 48. Rb6+ Kf7 1/2-1/2

[Event "25th European Teams Women"]
[Site "Batumi GEO"]
[Date "2025.10.10"]
[Round "6.15"]
[Board "4"]
[White "Rinne, Heini"]
[Black "Almeida, Marta Dias"]
[Result "1/2-1/2"]
[BlackTitle "WCM"]
[WhiteElo "1887"]
[BlackElo "1925"]
[WhiteTeam "Finland"]
[BlackTeam "Portugal"]
[WhiteFideId "513423"]
[BlackFideId "1956060"]
[EventDate "2025.10.05"]

1. d4 d5 2. Nf3 Nf6 3. g3 c6 4. Bg2 Bf5 5. c4 e6 6. Nc3 h6 7. Qb3 Qb6 8. c5 Qxb3
9. axb3 Be7 10. Bf4 Nbd7 11. h4 O-O 12. b4 a6 13. O-O Ne4 14. Nxe4 Bxe4 15. Ne5
Bxg2 16. Kxg2 Nxe5 17. Bxe5 Rfe8 18. Bc7 Rac8 19. Bf4 Bd8 20. Bd6 Bf6 21. e3 e5
22. dxe5 Bxe5 23. Bxe5 Rxe5 24. Rad1 Re4 25. Rd4 Rxd4 26. exd4 Re8 27. Kf3 Re4
28. Rd1 h5 29. Rd2 Kh7 30. Kg2 Kg6 31. Kf1 Kf5 32. Rd3 f6 33. f3 Re7 34. Kf2 g6
35. Re3 Rxe3 36. Kxe3 g5 37. Ke2 Kg6 38. Ke3 Kf5 39. Ke2 1/2-1/2

[Event "25th European Teams Women"]
[Site "Batumi GEO"]
[Date "2025.10.10"]
[Round "6.16"]
[Board "1"]
[White "Sucikova, Svetlana"]
[Black "Ivekovic, Tihana"]
[Result "1/2-1/2"]
[WhiteTitle "WIM"]
[BlackTitle "WFM"]
[WhiteElo "2162"]
[BlackElo "2078"]
[WhiteTeam "Slovakia"]
[BlackTeam "Croatia"]
[WhiteFideId "14923653"]
[BlackFideId "14517825"]
[EventDate "2025.10.05"]

1. Nf3 d5 2. g3 Nf6 3. Bg2 Bf5 4. O-O e6 5. d3 Be7 6. Nbd2 O-O 7. Qe1 c5 8. e4
Bg6 9. Nh4 Nc6 10. Nxg6 hxg6 11. e5 Nd7 12. f4 Qc7 13. c3 b5 14. Qe2 a5 15. Nf3
a4 16. Be3 a3 17. b3 Rac8 18. h4 Rfd8 19. Rac1 Qa7 20. Bf2 Qb8 21. Nd2 Nf8 22.
Rfd1 b4 23. c4 dxc4 24. Nxc4 Nd4 25. Qg4 Qb5 26. Be4 f5 27. exf6 Bxf6 28. Kg2
Qe8 29. Rh1 Nf5 30. Rh2 Bd4 31. h5 Nh6 32. Qf3 Qe7 33. hxg6 Nd7 34. g4 Bxf2 35.
Qxf2 Nxg4 36. Qg3 Nxh2 37. Qxh2 Nf6 38. Rh1 Kf8 39. Ne5 Ng8 40. Nf7 Qf6 41. Qh8
Ke7 42. Rh7 Qxf4 43. Qxg7 Qd2+ 44. Kg1 Qe1+ 45. Kh2 Qd2+ 46. Kh1 Qe1+ 47. Kh2
Qd2+ 48. Kh1 Qe1+ 1/2-1/2

[Event "25th European Teams Women"]
[Site "Batumi GEO"]
[Date "2025.10.10"]
[Round "6.16"]
[Board "2"]
[White "Radikovic, Anamarija"]
[Black "Nadzamova, Viktoria"]
[Result "0-1"]
[WhiteTitle "WFM"]
[BlackTitle "WFM"]
[WhiteElo "2053"]
[BlackElo "2126"]
[WhiteTeam "Croatia"]
[BlackTeam "Slovakia"]
[WhiteFideId "14546264"]
[BlackFideId "14943999"]
[EventDate "2025.10.05"]

1. e4 c5 2. Nf3 Nc6 3. Bb5 e6 4. O-O a6 5. Bxc6 bxc6 6. e5 d5 7. exd6 Bxd6 8.
Qe2 Nf6 9. b3 O-O 10. Bb2 Nd5 11. Na3 f6 12. Nc4 Bc7 13. Ba3 e5 14. Bxc5 Re8 15.
h3 e4 16. Nd4 Nf4 17. Qe3 Qd5 18. Bb6 Qg5 19. g3 Nxh3+ 20. Kh2 Qh5 21. Rh1 Nxf2+
22. Kg2 Nxh1 23. Rxh1 Qf7 24. Nxc6 Bg4 25. Rh4 Be6 26. Qc5 Bxc4 27. Bxc7 Bd5 0-1

[Event "25th European Teams Women"]
[Site "Batumi GEO"]
[Date "2025.10.10"]
[Round "6.16"]
[Board "3"]
[White "Bochnickova, Simona"]
[Black "Mihaljevic, Eva"]
[Result "1-0"]
[WhiteTitle "WFM"]
[WhiteElo "2102"]
[BlackElo "2041"]
[WhiteTeam "Slovakia"]
[BlackTeam "Croatia"]
[WhiteFideId "14958562"]
[BlackFideId "14573016"]
[EventDate "2025.10.05"]

1. e4 c5 2. Nf3 d6 3. d4 cxd4 4. Nxd4 Nf6 5. Nc3 a6 6. h3 e5 7. Nb3 Be6 8. f4
exf4 9. Bxf4 Nc6 10. Qe2 Ne5 11. O-O-O Nfd7 12. Kb1 Be7 13. Qe3 O-O 14. Nd4 Qc7
15. g4 Rac8 16. Rh2 Nb6 17. Qg3 Qc5 18. Nb3 Qc7 19. g5 Nbd7 20. Nd4 b5 21. Nf5
Nb6 22. Be3 Nbc4 23. Bd4 b4 24. Nd5 Bxd5 25. exd5 Rfe8 26. Bxc4 Qxc4 27. Bxe5
dxe5 28. d6 Rcd8 29. Ne3 Qf4 30. Qxf4 exf4 31. dxe7 Rxd1+ 32. Nxd1 Rxe7 33. Rd2 1-0

[Event "25th European Teams Women"]
[Site "Batumi GEO"]
[Date "2025.10.10"]
[Round "6.16"]
[Board "4"]
[White "Hajdinic, Ema"]
[Black "Sevcikova, Lucia"]
[Result "1/2-1/2"]
[WhiteTitle "WCM"]
[BlackTitle "WFM"]
[WhiteElo "2058"]
[BlackElo "2116"]
[WhiteTeam "Croatia"]
[BlackTeam "Slovakia"]
[WhiteFideId "14567059"]
[BlackFideId "14940744"]
[EventDate "2025.10.05"]

1. e4 c6 2. Nf3 d5 3. exd5 cxd5 4. Ne5 Nc6 5. d4 a6 6. c3 Nxe5 7. dxe5 Bf5 8.
Be3 e6 9. Nd2 Ne7 10. f4 Qc7 11. Nf3 Be4 12. Ng5 Bg6 13. Qb3 Nf5 14. Bb6 Qc6 15.
g4 Nh6 16. Be2 Bc5 17. Bxc5 Qxc5 18. Qa4+ b5 19. Qd4 Qxd4 20. cxd4 Rc8 21. O-O
Rc2 22. Rac1 Rxe2 23. Rc8+ Kd7 24. Rxh8 Nxg4 25. Rc1 Bc2 26. Nf3 Ne3 27. Ne1 Bd1
28. Rxd1 Nxd1 29. Nd3 Nxb2 30. Nc5+ Ke7 31. Ra8 Nc4 32. Ra7+ Ke8 33. Ra8+ Ke7
34. Ra7+ Ke8 35. Ra8+ Ke7 1/2-1/2

[Event "25th European Teams Women"]
[Site "Batumi GEO"]
[Date "2025.10.10"]
[Round "6.17"]
[Board "1"]
[White "Ptacnikova, Lenka"]
[Black "Arakhamia-Grant, Ketevan"]
[Result "0-1"]
[WhiteTitle "WGM"]
[BlackTitle "GM"]
[WhiteElo "2167"]
[BlackElo "2269"]
[WhiteTeam "Iceland"]
[BlackTeam "Scotland"]
[WhiteFideId "305650"]
[BlackFideId "13600168"]
[EventDate "2025.10.05"]

1. Nf3 Nf6 2. c4 g6 3. d4 Bg7 4. g3 O-O 5. Bg2 d6 6. Nc3 Nbd7 7. O-O e5 8. e4
exd4 9. Nxd4 Re8 10. h3 a6 11. Bg5 h6 12. Be3 c5 13. Nde2 b5 14. e5 Nxe5 15.
Bxa8 Bxh3 16. Bh1 Bxf1 17. Qxf1 Nxc4 18. Bc1 d5 19. b3 Ne5 20. Nf4 d4 21. Ncd5
Nxd5 22. Nxd5 c4 23. bxc4 bxc4 24. Bf4 Nd3 25. Bc7 Qd7 26. a4 Qg4 27. Nb6 Re2
28. f3 Qe6 29. Nxc4 Nf2 0-1

[Event "25th European Teams Women"]
[Site "Batumi GEO"]
[Date "2025.10.10"]
[Round "6.17"]
[Board "2"]
[White "Rutherford, Kathleen"]
[Black "Thorsteinsdottir, Hallgerdur"]
[Result "1/2-1/2"]
[BlackTitle "WFM"]
[WhiteElo "1806"]
[BlackElo "2031"]
[WhiteTeam "Scotland"]
[BlackTeam "Iceland"]
[WhiteFideId "2404117"]
[BlackFideId "2302454"]
[EventDate "2025.10.05"]

1. e4 c6 2. d4 d5 3. exd5 cxd5 4. Bd3 Nc6 5. c3 Nf6 6. Bf4 Bg4 7. Qb3 Qc8 8. Nd2
e6 9. Ngf3 Be7 10. O-O O-O 11. Rae1 Bh5 12. Qc2 Bg6 13. Bxg6 hxg6 14. Qd3 a6 15.
Ng5 Nh5 16. Qh3 e5 17. dxe5 Qf5 18. Qxf5 gxf5 19. Nh3 Nxf4 20. Nxf4 d4 21. cxd4
Bg5 22. g3 Nxd4 23. Kg2 Rfd8 24. Nf3 Bxf4 25. gxf4 Ne6 26. Kg3 Rac8 27. Rc1 g6
28. Ng5 Nxg5 29. fxg5 Rd3+ 30. Kg2 Rxc1 31. Rxc1 Rd2 32. Rc8+ Kg7 33. Rc7 Re2
34. Rxb7 Rxe5 35. Kf3 Re4 36. h3 a5 37. a3 Rh4 38. Kg3 Rd4 39. Rb5 Ra4 40. Kf3
Kf8 41. Ke3 Ke7 42. Rd5 Re4+ 43. Kd3 Rf4 44. Rxa5 Rxf2 45. Re5+ Kd6 46. Re2 Rf3+
47. Re3 Rf2 48. b4 f4 49. Re2 Rf3+ 50. Ke4 Rxa3 51. Rd2+ Ke6 52. Kxf4 Rxh3 53.
Rb2 f6 54. gxf6 Kxf6 55. b5 Rh7 56. b6 Rb7 57. Rb5 Ke6 58. Kg5 Kd6 59. Kxg6 1/2-1/2

[Event "25th European Teams Women"]
[Site "Batumi GEO"]
[Date "2025.10.10"]
[Round "6.17"]
[Board "3"]
[White "Johannsdottir, Johanna Bjorg"]
[Black "Reid, Caitlin"]
[Result "1-0"]
[WhiteTitle "WCM"]
[WhiteElo "1975"]
[BlackElo "1652"]
[WhiteTeam "Iceland"]
[BlackTeam "Scotland"]
[WhiteFideId "2303108"]
[BlackFideId "2405059"]
[EventDate "2025.10.05"]

1. e4 e5 2. Nf3 Nf6 3. Nc3 d5 4. Nxd5 Nxe4 5. Ne3 Nc6 6. Bb5 Bd7 7. Qe2 Qf6 8.
Bxc6 bxc6 9. Nc4 Bf5 10. O-O Bd6 11. d3 Nc5 12. d4 Nd7 13. dxe5 Qe7 14. Nd4 Bxe5
15. Nxe5 Bxc2 16. Ndxc6 Qc5 17. Nd3+ Ne5 18. Nxc5 O-O 19. Nxe5 Rfe8 20. Qxc2
Rxe5 21. Bf4 1-0

[Event "25th European Teams Women"]
[Site "Batumi GEO"]
[Date "2025.10.10"]
[Round "6.17"]
[Board "4"]
[White "McCusker, Kirsty"]
[Black "Helgadottir, Idunn"]
[Result "0-1"]
[BlackTitle "WCM"]
[WhiteElo "1543"]
[BlackElo "1874"]
[WhiteTeam "Scotland"]
[BlackTeam "Iceland"]
[WhiteFideId "2404397"]
[BlackFideId "2314118"]
[EventDate "2025.10.05"]

1. e4 c5 2. Nf3 e6 3. b3 Nc6 4. Bb2 Qc7 5. g3 d6 6. Bg2 Nf6 7. d3 Be7 8. O-O O-O
9. Re1 h6 10. Nbd2 e5 11. c3 Bg4 12. h3 Bh5 13. g4 Bg6 14. Nh4 Bh7 15. Nf5 Bxf5
16. exf5 Rad8 17. Qc2 d5 18. Rad1 Rfe8 19. Nf3 Bf8 20. Re2 b5 21. Rde1 Qd6 22.
Nd2 b4 23. c4 dxc4 24. dxc4 Nd4 25. Bxd4 cxd4 26. Qd3 Nd7 27. Ne4 Qb6 28. Rc2 g6
29. Qf3 Bg7 30. h4 Nf6 31. Nxf6+ Qxf6 32. Rd2 Qxh4 33. Re4 Qg5 34. fxg6 fxg6 35.
Qd1 Rf8 36. c5 Qf6 37. Qf1 a5 38. Qc4+ Kh7 39. f3 h5 40. gxh5 gxh5 41. c6 Bh6
42. Rd1 Rc8 43. Qc5 Bf4 44. Qxa5 Rxc6 45. Re2 d3 46. Qa7+ Rf7 47. Qf2 dxe2 48.
Qxe2 Qg6 49. Ra1 Rc2 50. Qf1 Rg7 0-1

[Event "25th European Teams Women"]
[Site "Batumi GEO"]
[Date "2025.10.10"]
[Round "6.18"]
[Board "1"]
[White "Dornbusch, Tatiana"]
[Black "Valcu, Lavinia"]
[Result "0-1"]
[WhiteTitle "WGM"]
[WhiteElo "2240"]
[BlackElo "2223"]
[WhiteTeam "Monaco"]
[BlackTeam "Sweden"]
[WhiteFideId "14107449"]
[BlackFideId "1752197"]
[EventDate "2025.10.05"]

1. d4 Nf6 2. c4 e6 3. Nf3 Bb4+ 4. Bd2 Be7 5. Nc3 d5 6. Qc2 O-O 7. e4 dxe4 8.
Nxe4 Nxe4 9. Qxe4 Nd7 10. Bd3 Nf6 11. Qh4 c5 12. Bg5 Re8 13. Bxf6 Bxf6 14. Qxh7+
Kf8 15. O-O cxd4 16. Rad1 Bd7 17. Be4 Bc6 18. Bxc6 bxc6 19. Qh5 e5 20. Qh8+ Ke7
21. Qh5 g6 22. Qg4 Kf8 23. Rfe1 Rb8 24. b3 a5 25. h4 Qc8 26. Qe4 Kg8 27. h5 gxh5
28. Rd3 Kh8 29. Nh2 Rg8 30. Qf3 Rg6 31. Qxh5+ Kg7 32. Rh3 a4 33. Nf1 Qg4 34.
Qh7+ Kf8 35. Rg3 Qf5 36. Rxg6 Qxg6 37. Qxg6 fxg6 38. Nd2 Kf7 39. Rb1 Be7 40. Kf1
Kf6 41. f3 Kf5 42. Ke2 axb3 43. axb3 Bb4 44. Ne4 Ra8 45. Rb2 c5 46. Kd3 Ra1 47.
Ng3+ Kf4 48. Ne2+ Kf5 49. Ng3+ Ke6 50. Ke4 Ba3 51. Re2 Rb1 52. f4 Rxb3 53. Nf1
exf4 54. Kxf4+ Kf6 55. Nd2 Bc1 56. Kg4 Bxd2 57. Rxd2 Rc3 58. Rf2+ Ke5 59. Re2+
Re3 60. Ra2 d3 61. Ra8 d2 62. Rd8 Re4+ 63. Kf3 Rd4 0-1